[Event "SLO-chT3 West"]
[Site "Komenda"]
[Date "2022.12.11"]
[Round "4.1"]
[White "Timagin, Piotr"]
[Black "Drobnic, Milan"]
[Result "1/2-1/2"]
[WhiteElo "2329"]
[BlackElo "1984"]
[PlyCount "98"]
[EventDate "2022.12.09"]
[EventType "team-swiss"]
[EventRounds "5"]
[EventCountry "SLO"]
[SourceTitle "EXT 2024"]
[Source "ChessBase"]
[SourceDate "2023.10.10"]
[SourceVersion "1"]
[SourceVersionDate "2023.10.10"]
[SourceQuality "1"]
[WhiteTeam "Menges Trzin"]
[BlackTeam "Loska Dolina"]
[WhiteTeamCountry "SLO"]
[BlackTeamCountry "SLO"]

1. e4 d6 2. d4 Nf6 3. Nc3 Nbd7 4. Nf3 e5 5. Bc4 Be7 6. 0-0 0-0 7. a4 c6 8. Ba2 Qc7 9. Qe2 h6 10. Rd1 b6 11. h3 Bb7 12. Be3 Rac8 13. Nh4 Rfe8 14. dxe5 Nxe5 15. f4 Ned7 16. Ng6 Bd8 17. Qd3 d5 18. exd5 Nxd5 19. Bf2 N7f6 20. Nh4 Qxf4 21. Nf5 Bc7 22. Bg3 Qg5 23. Bh4 Qg6 24. Bxd5 cxd5 25. Nd4 Ne4 26. Ncb5 Bb8 27. Nf3 Bg3 28. Nbd4 Qd6 29. Bxg3 Qxg3 30. Rf1 g6 31. a5 Nc5 32. Qd2 Kg7 33. axb6 axb6 34. Ra3 Ba6 35. Rfa1 Ne4 36. Qe1 Qxe1+ 37. Nxe1 Bb7 38. Rb3 Ra8 39. Rxa8 Rxa8 40. Rxb6 Ra1 41. Ndf3 Ba6 42. Kh2 Be2 43. Rb7 g5 44. g4 Rc1 45. c3 Rb1 46. Rb4 Kf6 47. Kg2 Rc1 48. Rd4 Ke6 49. Rb4 Kf6 1/2-1/2

[Event "Titled Tuesday intern op 21st July"]
[Site "Chess.com INT"]
[Date "2020.07.21"]
[Round "10"]
[White "Herrera Reyes, Jose Antonio"]
[Black "Timagin, Piotr"]
[Result "1-0"]
[WhiteElo "2304"]
[BlackElo "2337"]
[PlyCount "61"]
[EventDate "2020.07.21"]
[EventType "swiss (blitz)"]
[EventRounds "10"]
[EventCountry "USA"]
[SourceTitle "CBM 197 Extra"]
[Source "ChessBase"]
[SourceDate "2020.09.30"]
[SourceVersion "1"]
[SourceVersionDate "2020.09.30"]
[SourceQuality "1"]

1. Nf3 c5 2. g3 Nc6 3. Bg2 d5 4. c4 d4 5. 0-0 g6 6. e3 Bg7 7. exd4 cxd4 8. d3 e6 9. Bg5 f6 10. Bf4 e5 11. Bd2 Nh6 12. b4 0-0 13. b5 Ne7 14. a4 Nf7 15. a5 a6 16. Bb4 axb5 17. cxb5 Nd5 18. Bxf8 Bxf8 19. Nfd2 Be6 20. Nc4 Bb4 21. Qb3 Qe7 22. a6 bxa6 23. bxa6 Ra7 24. Nbd2 Nc3 25. Ne4 Nxe4 26. Bxe4 f5 27. Bg2 e4 28. Rfb1 Bc3 29. Qb8+ Kg7 30. Rb7 Rxb7 31. Qxb7 1-0

[Event "Titled Tuesday intern op 21st July"]
[Site "Chess.com INT"]
[Date "2020.07.21"]
[Round "9"]
[White "Matveeva, Olga"]
[Black "Timagin, Piotr"]
[Result "0-1"]
[WhiteElo "2171"]
[BlackElo "2337"]
[PlyCount "80"]
[EventDate "2020.07.21"]
[EventType "swiss (blitz)"]
[EventRounds "10"]
[EventCountry "USA"]
[SourceTitle "CBM 197 Extra"]
[Source "ChessBase"]
[SourceDate "2020.09.30"]
[SourceVersion "1"]
[SourceVersionDate "2020.09.30"]
[SourceQuality "1"]

1. d4 Nf6 2. c4 g6 3. g3 Bg7 4. Bg2 0-0 5. Nc3 d6 6. Nf3 Nc6 7. 0-0 Bf5 8. d5 Na5 9. Nd2 c6 10. e4 Bg4 11. f3 Bd7 12. Kh1 Rc8 13. Qe2 Qb6 14. Rb1 cxd5 15. cxd5 e6 16. dxe6 Bxe6 17. Na4 Qd4 18. b3 Rc2 19. Rd1 Bh6 20. Rb2 Rfc8 21. Rxc2 Rxc2 22. Qe1 Rxc1 23. Rxc1 Qxd2 24. Qxd2 Bxd2 25. Rc7 Ne8 26. Rc2 Bb4 27. f4 Kf8 28. Bf3 Ke7 29. Kg2 Kd7 30. Kf1 Nc7 31. Ke2 Nb5 32. Kd3 Na3 33. Rc1 Nc6 34. Nb2 Bc5 35. Bg2 Nb4+ 36. Ke2 Nxa2 37. Ra1 Nc3+ 38. Kd3 Ncb5 39. Na4 Bb4 40. e5 Bf5+ 0-1

[Event "Titled Tuesday intern op 21st July"]
[Site "Chess.com INT"]
[Date "2020.07.21"]
[Round "3"]
[White "Prohorov, Olexandr"]
[Black "Timagin, Piotr"]
[Result "0-1"]
[WhiteElo "2086"]
[BlackElo "2337"]
[PlyCount "102"]
[EventDate "2020.07.21"]
[EventType "swiss (blitz)"]
[EventRounds "10"]
[EventCountry "USA"]
[SourceTitle "CBM 197 Extra"]
[Source "ChessBase"]
[SourceDate "2020.09.30"]
[SourceVersion "1"]
[SourceVersionDate "2020.09.30"]
[SourceQuality "1"]

1. e4 c5 2. c3 d5 3. exd5 Qxd5 4. d4 Nc6 5. Nf3 cxd4 6. cxd4 e5 7. Nc3 Bb4 8. Bd2 Bxc3 9. Bxc3 e4 10. Ne5 Nxe5 11. dxe5 Ne7 12. Be2 0-0 13. 0-0 Be6 14. Bb4 Rfe8 15. Qxd5 Nxd5 16. Bd6 a6 17. Rac1 Nf4 18. Bc4 Rac8 19. Bxe6 Ne2+ 20. Kh1 Rxc1 21. Rxc1 Nxc1 22. Bd5 Nd3 23. Bxb7 Nxe5 24. f4 Nc4 25. Bb4 e3 26. Kg1 e2 27. Be1 Nxb2 28. Bxa6 Re6 29. Bb5 Re3 30. a4 Nd3 31. Bxd3 Rxd3 32. Kf2 Ra3 33. Kxe2 Rxa4 34. Kf3 f5 35. g4 Ra3+ 36. Kg2 fxg4 37. Bg3 Kf7 38. Kf2 Rb3 39. Ke2 Ke6 40. Kf2 Kf5 41. Kg2 Rf3 42. Kg1 Rxf4 43. Bxf4 Kxf4 44. Kg2 g5 45. Kf2 h5 46. Kg2 h4 47. Kf2 h3 48. Kg1 g3 49. Kh1 gxh2 50. Kxh2 g4 51. Kh1 g3 0-1

[Event "Titled Tuesday intern op 21st July"]
[Site "Chess.com INT"]
[Date "2020.07.21"]
[Round "5"]
[White "Timagin, Piotr"]
[Black "Huda, Maryana"]
[Result "1-0"]
[WhiteElo "2337"]
[BlackElo "2128"]
[PlyCount "65"]
[EventDate "2020.07.21"]
[EventType "swiss (blitz)"]
[EventRounds "10"]
[EventCountry "USA"]
[SourceTitle "CBM 197 Extra"]
[Source "ChessBase"]
[SourceDate "2020.09.30"]
[SourceVersion "1"]
[SourceVersionDate "2020.09.30"]
[SourceQuality "1"]

1. e4 e5 2. Nf3 Nc6 3. g3 Nf6 4. d3 Bc5 5. Bg2 d6 6. 0-0 0-0 7. Nc3 a6 8. a4 Ne8 9. Nd5 h6 10. c3 Ba7 11. Nh4 Ne7 12. Nxe7+ Qxe7 13. Be3 Bxe3 14. fxe3 g6 15. Rf2 Be6 16. Qf1 c5 17. Bh3 Kg7 18. c4 Nc7 19. Qg2 b5 20. Nf5+ gxf5 21. exf5 f6 22. fxe6 Nxe6 23. axb5 Ng5 24. Bf5 e4 25. h4 Nf3+ 26. Kh1 axb5 27. Raf1 Ra2 28. Bxe4 Ne5 29. Qh3 bxc4 30. Qf5 Rh8 31. d4 Nd3 32. Qg6+ Kf8 33. Rxf6+ 1-0

[Event "Titled Tuesday intern op 21st July"]
[Site "Chess.com INT"]
[Date "2020.07.21"]
[Round "8"]
[White "Timagin, Piotr"]
[Black "Seul, Georg"]
[Result "0-1"]
[WhiteElo "2337"]
[BlackElo "2372"]
[PlyCount "124"]
[EventDate "2020.07.21"]
[EventType "swiss (blitz)"]
[EventRounds "10"]
[EventCountry "USA"]
[SourceTitle "CBM 197 Extra"]
[Source "ChessBase"]
[SourceDate "2020.09.30"]
[SourceVersion "1"]
[SourceVersionDate "2020.09.30"]
[SourceQuality "1"]

1. e4 e5 2. Nf3 Nc6 3. g3 Nf6 4. d3 Bc5 5. Bg2 d6 6. 0-0 h6 7. c3 0-0 8. b4 Bb6 9. Nbd2 a6 10. Nc4 Ba7 11. a4 Be6 12. Qe2 Ne7 13. Be3 Bxe3 14. Nxe3 a5 15. b5 Nd7 16. d4 Ng6 17. d5 Nc5 18. dxe6 fxe6 19. Nd2 Qg5 20. h4 Qe7 21. Qg4 Kh7 22. Rfd1 Rf6 23. Ndf1 Raf8 24. Ra2 Kh8 25. Nh2 Nf4 26. gxf4 Rxf4 27. Qg3 Nxe4 28. Bxe4 Rxe4 29. Ng2 Rc4 30. f3 b6 31. Rd3 Qf6 32. Ng4 Qg6 33. N2e3 Qxd3 34. Nxc4 Qxc4 35. Rg2 Qf4 36. Qxf4 Rxf4 37. Ne3 Kg8 38. Kf2 Rxa4 39. Rg6 Kf7 40. h5 Rh4 41. Ng2 Rxh5 42. Rg4 Rh1 43. f4 e4 44. Ne3 g6 45. Rg1 Rh2+ 46. Kg3 Rb2 47. Ng4 h5 48. Nf2 Rxb5 49. Nxe4 Rb3 50. Ng5+ Kf6 51. Re1 Rxc3+ 52. Kh4 Rc2 53. Rxe6+ Kf5 54. Re7 Kxf4 55. Ne6+ Kf3 56. Nxc7 a4 57. Nb5 Rc4+ 58. Kg5 Rg4+ 59. Kh6 h4 60. Nxd6 h3 61. Rf7+ Kg2 62. Nb5 h2 0-1

[Event "EU-ch Online U2300 Final"]
[Site "Chess.com INT"]
[Date "2020.05.26"]
[Round "1"]
[White "Kalogeris, Ioannis"]
[Black "Timagin, Piotr"]
[Result "1/2-1/2"]
[WhiteElo "2312"]
[BlackElo "2337"]
[PlyCount "175"]
[EventDate "2020.05.26"]
[EventType "swiss"]
[EventRounds "8"]
[EventCountry "NET"]
[SourceTitle "CBM 196 Extra"]
[Source "ChessBase"]
[SourceDate "2020.07.31"]
[SourceVersion "1"]
[SourceVersionDate "2020.07.31"]
[SourceQuality "1"]

1. e4 c5 2. Nf3 g6 3. d4 cxd4 4. Qxd4 Nf6 5. e5 Nc6 6. Qf4 Nd5 7. Qd2 Nb6 8. Bb5 Bg7 9. Qe2 Qc7 10. Bf4 Nd5 11. Bg3 Qa5+ 12. c3 0-0 13. 0-0 Nc7 14. Bd3 Ne6 15. Nbd2 a6 16. a4 Qc7 17. b4 b6 18. Rfe1 Bb7 19. Rac1 a5 20. b5 Ncd8 21. h4 h5 22. Qe3 Qc5 23. Qe2 Bh6 24. Rc2 Nf4 25. Bxf4 Bxf4 26. Ne4 Qc7 27. Neg5 Ne6 28. Nxe6 dxe6 29. Be4 Rac8 30. Bxb7 Qxb7 31. Qe4 Qxe4 32. Rxe4 Bh6 33. c4 Rfd8 34. Rd4 f6 35. Rxd8+ Rxd8 36. g3 Rd1+ 37. Kg2 Ra1 38. c5 bxc5 39. Rb2 Rd1 40. b6 Rd8 41. Rb5 Rb8 42. Rxa5 Rxb6 43. Rxc5 Rb2 44. Rc7 Be3 45. Kh3 Rxf2 46. Ne1 Re2 47. Ng2 Bd4 48. Rxe7 Bxe5 49. Rxe6 Ra2 50. Ra6 Ra3 51. Ra8+ Kf7 52. a5 Rxg3+ 53. Kh2 Ra3+ 54. Kg1 Ke6 55. Kf2 Bd4+ 56. Ke2 Kf5 57. Ne1 Ke4 58. Re8+ Be5 59. Ra8 Ra2+ 60. Kd1 Bc3 61. a6 Ra1+ 62. Kc2 Bxe1 63. a7 Kf5 64. Re8 Rxa7 65. Rxe1 Ra4 66. Rf1+ Rf4 67. Rh1 Rd4 68. Kc3 Rd7 69. Rf1+ Ke6 70. Rg1 Kf7 71. Kc4 Kg7 72. Kc5 Rd2 73. Rh1 Kh6 74. Rf1 Rh2 75. Rf4 Rh3 76. Kd5 f5 77. Ke6 Ra3 78. Kf6 Ra6+ 79. Kf7 Ra7+ 80. Kf6 Ra6+ 81. Kf7 Ra3 82. Kf6 Re3 83. Rc4 Re4 84. Rc8 Kh7 85. Rc7+ Kh6 86. Rc8 Kh7 87. Rc7+ Kh6 88. Rc8 1/2-1/2

[Event "EU-ch Online U2300 Final"]
[Site "Chess.com INT"]
[Date "2020.05.26"]
[Round "2"]
[White "Timagin, Piotr"]
[Black "Boykov, Pavel1111"]
[Result "1-0"]
[WhiteElo "2337"]
[BlackElo "1788"]
[PlyCount "103"]
[EventDate "2020.05.26"]
[EventType "swiss"]
[EventRounds "8"]
[EventCountry "NET"]
[SourceTitle "CBM 196 Extra"]
[Source "ChessBase"]
[SourceDate "2020.07.31"]
[SourceVersion "1"]
[SourceVersionDate "2020.07.31"]
[SourceQuality "1"]

1. e4 c5 2. Nc3 Nc6 3. Nf3 g6 4. d4 cxd4 5. Nxd4 Bg7 6. Nb3 Nf6 7. Be2 0-0 8. 0-0 d6 9. Re1 b6 10. Bf1 Bb7 11. Bg5 h6 12. Bh4 Rc8 13. Nd5 g5 14. Bg3 Nb8 15. Nxf6+ Bxf6 16. c3 a6 17. Qh5 Bg7 18. h4 e6 19. hxg5 hxg5 20. Rad1 e5 21. Nd2 Qe7 22. Nc4 Rc6 23. Ne3 Bc8 24. Bc4 Be6 25. Bd5 Rc7 26. Ng4 Nd7 27. Nh6+ Bxh6 28. Qxh6 Bxd5 29. Rxd5 f6 30. Red1 Rc6 31. Qg6+ Kh8 32. f3 Rf7 33. Kf2 Rg7 34. Rh1+ Kg8 35. Qh6 Nf8 36. Qh8+ Kf7 37. Ke2 Rc5 38. Rd2 Ng6 39. Qa8 Nf4+ 40. Kf2 a5 41. Rh8 g4 42. Rxd6 Rc7 43. Rdd8 Kg6 44. Rdg8 Qc5+ 45. Kf1 Qc4+ 46. Kg1 Qc5+ 47. Kf1 Qc4+ 48. Kg1 Qc5+ 49. Bf2 Qd6 50. Qe8+ Rcf7 51. Rxg7+ Kxg7 52. Qg8# 1-0

[Event "EU-ch Online U2300 Final"]
[Site "Chess.com INT"]
[Date "2020.05.26"]
[Round "3"]
[White "Timagin, Piotr"]
[Black "Davtyan, Artur"]
[Result "0-1"]
[WhiteElo "2337"]
[BlackElo "2461"]
[PlyCount "186"]
[EventDate "2020.05.26"]
[EventType "swiss"]
[EventRounds "8"]
[EventCountry "NET"]
[SourceTitle "CBM 196 Extra"]
[Source "ChessBase"]
[SourceDate "2020.07.31"]
[SourceVersion "1"]
[SourceVersionDate "2020.07.31"]
[SourceQuality "1"]

1. e4 e5 2. Nf3 Nc6 3. Bb5 a6 4. Ba4 g6 5. h4 h6 6. d4 exd4 7. Nxd4 Bg7 8. Nxc6 bxc6 9. h5 g5 10. Nc3 Ne7 11. Be3 d6 12. Bd4 0-0 13. Bxg7 Kxg7 14. Qd4+ f6 15. 0-0-0 Be6 16. f4 c5 17. Qe3 Qb8 18. fxg5 fxg5 19. Bb3 Bxb3 20. axb3 Qb4 21. Rhf1 Rxf1 22. Rxf1 Rf8 23. Rxf8 Kxf8 24. Qh3 Qd4 25. Qe6 Qg1+ 26. Nd1 Qxg2 27. Qxh6+ Ke8 28. Qh8+ Kd7 29. Qg7 Qxe4 30. Qxg5 Nd5 31. Qd2 Qh1 32. h6 Kc6 33. c3 Qh4 34. Kb1 Nf4 35. Ka2 Qxh6 36. Nf2 Qh2 37. Qe3 Nd5 38. Qf3 Qf4 39. Qg2 c4 40. b4 Qd2 41. Qf3 Kb6 42. Ka1 Ne3 43. Ne4 Qc1+ 44. Ka2 Nc2 45. Qf2+ Kb7 46. Nxd6+ cxd6 47. Qf7+ Kb6 48. Qxc4 Qa1+ 49. Kb3 Qd1 50. Ka2 Ne3 51. Qc8 Qd5+ 52. Kb1 Qd1+ 53. Ka2 Qd5+ 54. Kb1 Nc4 55. Qb8+ Qb7 56. Qd8+ Qc7 57. Qg5 Ka7 58. Qd5 Nb6 59. Qd4 d5 60. Kc2 Kb7 61. b3 Qf7 62. Kb2 Nc8 63. Ka3 Nd6 64. Qc5 Nb5+ 65. Kb2 Qd7 66. c4 dxc4 67. bxc4 Qd2+ 68. Ka1 Qc1+ 69. Ka2 Qc2+ 70. Ka1 Qa4+ 71. Kb2 Qa3+ 72. Kb1 Qb3+ 73. Ka1 Qd1+ 74. Kb2 Qd2+ 75. Ka1 Nc7 76. b5 Qc3+ 77. Ka2 axb5 78. Qa3 Qxc4+ 79. Kb2 b4 80. Qf3+ Qc6 81. Qf7 Qd5 82. Qe7 Qd4+ 83. Kb3 Qc3+ 84. Ka2 b3+ 85. Ka3 Qc4 86. Kb2 Qc2+ 87. Ka3 Qc4 88. Kb2 Qc2+ 89. Ka3 Qc3 90. Ka4 b2 91. Qh7 Qc1 92. Qe4+ Qc6+ 93. Ka5 Qd5+ 0-1

[Event "EU-ch Online U2300 Final"]
[Site "Chess.com INT"]
[Date "2020.05.26"]
[Round "6"]
[White "Timagin, Piotr"]
[Black "Tsaruk, Maksim"]
[Result "1-0"]
[WhiteElo "2337"]
[BlackElo "2302"]
[PlyCount "101"]
[EventDate "2020.05.26"]
[EventType "swiss"]
[EventRounds "8"]
[EventCountry "NET"]
[SourceTitle "CBM 196 Extra"]
[Source "ChessBase"]
[SourceDate "2020.07.31"]
[SourceVersion "1"]
[SourceVersionDate "2020.07.31"]
[SourceQuality "1"]

1. e4 e5 2. Nf3 Nc6 3. Bb5 a6 4. Ba4 Nf6 5. d3 b5 6. Bb3 Bc5 7. Nc3 d6 8. h3 h6 9. Nd5 Na5 10. Nxf6+ Qxf6 11. Be3 Nxb3 12. axb3 0-0 13. 0-0 Bb7 14. Qd2 Bxe3 15. fxe3 Qe7 16. Nh2 Rad8 17. Rf3 d5 18. exd5 Bxd5 19. Rg3 e4 20. d4 Rd6 21. Ng4 Kh7 22. Qf2 f5 23. Ne5 c5 24. c3 cxd4 25. cxd4 Rdf6 26. Rc1 g5 27. Rc5 Bxb3 28. h4 f4 29. Rh3 Be6 30. hxg5 fxe3 31. Qxf6 Rxf6 32. gxf6 Qxf6 33. Rc7+ Kh8 34. Rxe3 h5 35. Rg3 h4 36. Ng6+ Kg8 37. Nxh4+ Kf8 38. Ng6+ Ke8 39. Ne5 Qf4 40. Rgg7 Qe3+ 41. Kf1 Bc4+ 42. Nxc4 Qd3+ 43. Kg1 Qxd4+ 44. Kh2 Kf8 45. Rgf7+ Kg8 46. Rfd7 Qxd7 47. Rxd7 bxc4 48. Rd4 e3 49. Re4 e2 50. Rxe2 c3 51. bxc3 1-0

[Event "EU-ch Online U2300 Qual"]
[Site "Chess.com INT"]
[Date "2020.05.25"]
[Round "1"]
[White "Timagin, Piotr"]
[Black "Popov, Maksim1111"]
[Result "1-0"]
[WhiteElo "2337"]
[BlackElo "2094"]
[PlyCount "71"]
[EventDate "2020.05.25"]
[EventType "swiss"]
[EventRounds "8"]
[EventCountry "NET"]
[SourceTitle "EXT 2021"]
[Source "ChessBase"]
[SourceDate "2020.10.23"]
[SourceVersion "1"]
[SourceVersionDate "2020.10.23"]
[SourceQuality "1"]

1. e4 e6 2. d4 d5 3. Nc3 Bb4 4. exd5 exd5 5. Bd3 Nc6 6. a3 Bxc3+ 7. bxc3 Nf6 8. h3 0-0 9. Ne2 Re8 10. 0-0 Ne4 11. Bf4 Bf5 12. Rb1 Qc8 13. c4 dxc4 14. Bxc4 Nd6 15. Ba2 Qd7 16. Ng3 Bg6 17. Qd2 Ne4 18. Nxe4 Rxe4 19. c3 Rae8 20. Rbe1 h6 21. f3 R4e7 22. Kf2 Na5 23. Rxe7 Rxe7 24. Re1 Kh7 25. g4 b6 26. h4 h5 27. Re5 Rxe5 28. dxe5 Qb5 29. Qe2 Qc5+ 30. Kg2 Qxc3 31. e6 fxe6 32. Qxe6 Qc2+ 33. Kg3 Be8 34. Qg8+ Kg6 35. Qxe8+ Kf6 36. Qe6# 1-0

[Event "EU-ch Online U2300 Qual"]
[Site "Chess.com INT"]
[Date "2020.05.25"]
[Round "2"]
[White "Tsaruk, Maksim"]
[Black "Timagin, Piotr"]
[Result "1-0"]
[WhiteElo "2302"]
[BlackElo "2337"]
[PlyCount "83"]
[EventDate "2020.05.25"]
[EventType "swiss"]
[EventRounds "8"]
[EventCountry "NET"]
[SourceTitle "EXT 2021"]
[Source "ChessBase"]
[SourceDate "2020.10.23"]
[SourceVersion "1"]
[SourceVersionDate "2020.10.23"]
[SourceQuality "1"]

1. e4 c5 2. Nf3 g6 3. d4 cxd4 4. Nxd4 Nc6 5. c4 Bg7 6. Be3 Nf6 7. Nc3 0-0 8. Be2 b6 9. 0-0 Bb7 10. f3 e6 11. Ndb5 d5 12. cxd5 exd5 13. exd5 Nb4 14. d6 Nfd5 15. Bd4 Qg5 16. Ne4 Bxd4+ 17. Qxd4 Qe3+ 18. Qxe3 Nxe3 19. Rfc1 a6 20. Nc7 Rad8 21. Rc3 Bxe4 22. fxe4 Rxd6 23. Nxa6 Nbc2 24. Rc1 Rd2 25. Kf2 f5 26. e5 Ng4+ 27. Kg1 Rxe2 28. R3xc2 Rxe5 29. h3 Ne3 30. Rc7 f4 31. Rd7 Rg5 32. Rcc7 Nf5 33. Kf2 h5 34. Nb4 f3 35. gxf3 Rg3 36. Rg7+ Kh8 37. Rh7+ Kg8 38. Nc6 Rxh3 39. Ne5 Rh2+ 40. Kg1 Rxb2 41. Nxg6 Rd8 42. Rh8# 1-0

[Event "Ljubljana-chT 72nd 1st League"]
[Site "Ljubljana"]
[Date "2019.03.07"]
[Round "6.1"]
[White "Timagin, Piotr"]
[Black "Renko, Joze"]
[Result "1-0"]
[WhiteElo "2335"]
[BlackElo "1515"]
[PlyCount "51"]
[EventDate "2019.01.10"]
[EventType "team-tourn"]
[EventRounds "9"]
[EventCountry "SLO"]
[SourceTitle "EXT 2024"]
[Source "ChessBase"]
[SourceDate "2023.10.10"]
[SourceVersion "1"]
[SourceVersionDate "2023.10.10"]
[SourceQuality "1"]
[WhiteTeam "Menges Trzin II"]
[BlackTeam "Medvode"]
[WhiteTeamCountry "SLO"]
[BlackTeamCountry "SLO"]

1. e4 b6 2. d4 Bb7 3. Bd3 e6 4. Ne2 c5 5. c3 Be7 6. 0-0 h6 7. f4 Nf6 8. Nd2 Na6 9. a3 Nc7 10. Ng3 a5 11. e5 Nfd5 12. Nf3 b5 13. f5 Nb6 14. Nh5 Bf8 15. f6 g6 16. Ng7+ Bxg7 17. fxg7 Rg8 18. Bxh6 c4 19. Bxg6 fxg6 20. Ng5 Rxg7 21. Bxg7 Qxg5 22. Rf8+ Ke7 23. Bf6+ Qxf6 24. Rxf6 Be4 25. Qe1 Bf5 26. Qh4 1-0

[Event "GER CupT 1819 prel7"]
[Site "Ortenburg"]
[Date "2019.01.27"]
[Round "2.2"]
[White "Kleibel, Uwe"]
[Black "Timagin, Piotr"]
[Result "0-1"]
[WhiteElo "2153"]
[BlackElo "2335"]
[PlyCount "86"]
[EventDate "2019.01.26"]
[EventType "team-k.o."]
[EventRounds "2"]
[EventCountry "GER"]
[SourceTitle "EXT 2021"]
[Source "ChessBase"]
[SourceDate "2020.10.23"]
[SourceVersion "1"]
[SourceVersionDate "2020.10.23"]
[SourceQuality "1"]
[WhiteTeam "Ortenburg"]
[BlackTeam "Heilbronn"]
[WhiteTeamCountry "GER"]
[BlackTeamCountry "GER"]

1. e4 c5 2. Nf3 g6 3. Bc4 Bg7 4. c3 Nc6 5. d4 d6 6. d5 Nb8 7. h3 Nf6 8. Nbd2 0-0 9. 0-0 Bd7 10. a4 Ne8 11. Re1 Nc7 12. Nf1 Be8 13. Bf4 Nd7 14. Qd2 Nb6 15. Bb3 c4 16. Bc2 a5 17. Bh6 e5 18. Ng3 Na6 19. Nh2 Bxh6 20. Qxh6 f6 21. f4 exf4 22. Qxf4 Nc5 23. Rf1 Bxa4 24. Bxa4 Nbxa4 25. Ng4 Nxb2 26. Nxf6+ Kh8 27. e5 Nbd3 28. Qh6 Qe7 29. exd6 Qg7 30. Qxg7+ Kxg7 31. Nfe4 Rxf1+ 32. Rxf1 a4 33. Ng5 a3 34. d7 Nxd7 35. Rf7+ Kg8 36. Rxd7 a2 37. N3e4 a1Q+ 38. Kh2 Rf8 39. Ne6 Rf1 40. Rg7+ Kh8 41. N4g5 Rh1+ 42. Kg3 Qe1+ 43. Kg4 h5+ 0-1

[Event "Bled Planinc Memorial 1st"]
[Site "Bled"]
[Date "2018.11.24"]
[Round "3"]
[White "Timagin, Piotr"]
[Black "Borisek, Jure"]
[Result "0-1"]
[WhiteElo "2318"]
[BlackElo "2577"]
[PlyCount "75"]
[EventDate "2018.11.24"]
[EventType "swiss (blitz)"]
[EventRounds "9"]
[EventCountry "SLO"]
[SourceTitle "CBM 187 Extra"]
[Source "ChessBase"]
[SourceDate "2018.11.04"]
[SourceVersion "1"]
[SourceVersionDate "2018.11.04"]
[SourceQuality "1"]

1. e4 e5 2. Nf3 Nc6 3. Bb5 a6 4. Ba4 Nf6 5. 0-0 Be7 6. d3 d6 7. c3 0-0 8. Nbd2 Re8 9. Re1 Bf8 10. d4 b5 11. Bc2 Bb7 12. a4 Nb8 13. axb5 axb5 14. Rxa8 Bxa8 15. dxe5 dxe5 16. Qe2 c6 17. b4 Nbd7 18. Bb3 h6 19. h3 Qb8 20. Nh4 c5 21. c4 Bc6 22. Ng6 cxb4 23. Nxf8 Nxf8 24. c5 Qa7 25. Bb2 Qxc5 26. Rc1 Qd6 27. f4 N8d7 28. f5 Nc5 29. Rxc5 Qxc5+ 30. Kh2 Rd8 31. g4 Nxe4 32. Nf3 Qf2+ 33. Qxf2 Nxf2 34. Bxf7+ Kxf7 35. Nxe5+ Kg8 36. Nxc6 Rd2 37. Be5 Nxg4+ 38. Kg3 0-1

[Event "SLO-chT1 Central 19th"]
[Site "Slovenia"]
[Date "2018.10.18"]
[Round "6.1"]
[White "Mlacnik, Janez"]
[Black "Timagin, Piotr"]
[Result "0-1"]
[WhiteElo "1791"]
[BlackElo "2321"]
[PlyCount "88"]
[EventDate "2018.09.13"]
[EventType "team-tourn"]
[EventRounds "9"]
[EventCountry "SLO"]
[SourceTitle "EXT 2021"]
[Source "ChessBase"]
[SourceDate "2020.10.23"]
[SourceVersion "1"]
[SourceVersionDate "2020.10.23"]
[SourceQuality "1"]
[WhiteTeam "Ljubljana Karel Jeraj"]
[BlackTeam "Trzin Menges II"]
[WhiteTeamCountry "SLO"]
[BlackTeamCountry "SLO"]

1. e4 c5 2. Nc3 Nc6 3. f4 g6 4. Nf3 Bg7 5. Bc4 e6 6. d3 Nge7 7. 0-0 0-0 8. Bb3 d5 9. Qe1 a6 10. a4 Nd4 11. Nxd4 cxd4 12. Nd1 dxe4 13. dxe4 d3 14. Nc3 Nc6 15. Be3 Nd4 16. Rd1 dxc2 17. Bxc2 Nxc2 18. Rxd8 Nxe1 19. Rxf8+ Bxf8 20. Rxe1 Bd7 21. Bb6 Rc8 22. Rd1 Bc6 23. Rd4 f5 24. Rc4 Kf7 25. Kf2 Bg7 26. b4 Bd7 27. Rxc8 Bxc8 28. e5 g5 29. g3 Bd7 30. Bc5 Bh6 31. Ke3 Kg6 32. b5 gxf4+ 33. gxf4 Kh5 34. Kf3 Kh4 35. Bf2+ Kh3 36. Bg3 Be8 37. Ne2 Bh5+ 38. Kf2 Bxe2 39. Kxe2 axb5 40. axb5 Kg4 41. Ke3 Bf8 42. Kf2 Kh3 43. Ke3 Bc5+ 44. Kf3 h5 0-1

[Event "SLO-chT1 Central 19th"]
[Site "Slovenia"]
[Date "2018.09.13"]
[Round "1.1"]
[White "Timagin, Piotr"]
[Black "Veskovic, Dzemal"]
[Result "1-0"]
[WhiteElo "2321"]
[BlackElo "1843"]
[PlyCount "69"]
[EventDate "2018.09.13"]
[EventType "team-tourn"]
[EventRounds "9"]
[EventCountry "SLO"]
[SourceTitle "EXT 2021"]
[Source "ChessBase"]
[SourceDate "2020.10.23"]
[SourceVersion "1"]
[SourceVersionDate "2020.10.23"]
[SourceQuality "1"]
[WhiteTeam "Trzin Menges II"]
[BlackTeam "Trzin Menges"]
[WhiteTeamCountry "SLO"]
[BlackTeamCountry "SLO"]

1. e4 e6 2. Nf3 Nc6 3. d4 d6 4. c4 Be7 5. Nc3 a6 6. Be3 e5 7. d5 Nb8 8. h3 Nf6 9. Bd3 b6 10. a3 0-0 11. g4 Nbd7 12. Bc2 Nc5 13. b4 Ncd7 14. Ne2 a5 15. Ng3 axb4 16. axb4 Rxa1 17. Qxa1 Re8 18. g5 Nf8 19. gxf6 Bxf6 20. Ba4 Bd7 21. Bxd7 Qxd7 22. Nf5 g6 23. Nh6+ Kh8 24. Ng5 c6 25. Nhxf7+ Kg7 26. Rg1 cxd5 27. cxd5 Qb5 28. Nxd6 Qxb4+ 29. Bd2 Ra8 30. Qxa8 Qb1+ 31. Ke2 Qxg1 32. Ne8+ Kh8 33. Nxf6 Kg7 34. Qb7+ Kh8 35. Nf7+ 1-0

[Event "Portoroz op 12th"]
[Site "Portoroz"]
[Date "2018.07.20"]
[Round "8"]
[White "Sgaravatti, Francesco"]
[Black "Timagin, Piotr"]
[Result "0-1"]
[WhiteElo "2146"]
[BlackElo "2329"]
[PlyCount "22"]
[EventDate "2018.07.14"]
[EventType "swiss"]
[EventRounds "9"]
[EventCountry "SVK"]
[SourceTitle "EXT 2019"]
[Source "ChessBase"]
[SourceDate "2018.10.10"]
[SourceVersion "1"]
[SourceVersionDate "2018.10.10"]
[SourceQuality "1"]

1. e4 c5 2. c3 d5 3. exd5 Qxd5 4. d4 Nc6 5. Nf3 Bf5 6. Na3 cxd4 7. Nb5 0-0-0 8. cxd4 e5 9. Nc3 Qa5 10. Bd2 exd4 11. Nb5 Re8+ 0-1

[Event "Portoroz op 12th"]
[Site "Portoroz"]
[Date "2018.07.19"]
[Round "7"]
[White "Timagin, Piotr"]
[Black "Fercec, Nenad"]
[Result "0-1"]
[WhiteElo "2329"]
[BlackElo "2436"]
[PlyCount "34"]
[EventDate "2018.07.14"]
[EventType "swiss"]
[EventRounds "9"]
[EventCountry "SVK"]
[SourceTitle "EXT 2019"]
[Source "ChessBase"]
[SourceDate "2018.10.10"]
[SourceVersion "1"]
[SourceVersionDate "2018.10.10"]
[SourceQuality "1"]

1. e4 c5 2. Nc3 Nc6 3. f4 e6 4. Nf3 d5 5. Bb5 Nge7 6. Qe2 d4 7. Nd1 a6 8. Bxc6+ Nxc6 9. d3 Be7 10. Nf2 0-0 11. e5 Qd5 12. Ne4 b5 13. Nfg5 f5 14. Qh5 Bxg5 15. Nxg5 h6 16. Nf3 Nb4 17. h4 Bd7 0-1